000 00605nam a2200241 a 4500
003 AR-BaBNM
005 20251128203352.0
008 082120s2002 ||||||||||||||000 | spa||
040 _cAR-BaBNM
100 1 _aBroch, Hermann
245 0 0 _aLa muerte de Virgilio
260 _aBuenos Aires
_bEdiciones Peuser
_c1946
300 _a539 p.
650 4 _aLITERATURA ALEMANA
650 4 _aNOVELAS
650 4 _aFILOSOFIA LITERARIA
650 4 _aLITERATURA CONTEMPORANEA
653 _aINFLUENCIA CLASICA
655 _aLITERATURA
700 1 _aGregori, A.
_etraductor
942 _cBK
998 _cMARTIN
999 _c3066
_d3066